Trí tuệ dân tộc Ả Rập

Phân tích các khía cạnh đời sống xã hội của thế giới Hồi giáo Ả Rập, từ nghi lễ tôn giáo, sáng tạo văn minh, kinh doanh thương mại, văn hoá chính trị cho đến phong tục tập quán của quốc gia Ả Rập

সংরক্ষণ করুন:
গ্রন্থ-পঞ্জীর বিবরন
বিন্যাস: গ্রন্থ
ভাষা:Undetermined
প্রকাশিত: Hà Nội Thời đại 2011
বিষয়গুলি:
ট্যাগগুলো: ট্যাগ যুক্ত করুন
কোনো ট্যাগ নেই, প্রথমজন হিসাবে ট্যাগ করুন!
Thư viện lưu trữ: Trung tâm Học liệu Trường Đại học Cần Thơ
LEADER 00822nam a2200181Ia 4500
001 CTU_194128
008 210402s9999 xx 000 0 und d
020 |c 49000 
082 |a 953.57 
082 |b Tr300 
245 0 |a Trí tuệ dân tộc Ả Rập 
245 0 |c Gia Khang, Kiến Văn (biên dịch) 
260 |a Hà Nội 
260 |b Thời đại 
260 |c 2011 
520 |a Phân tích các khía cạnh đời sống xã hội của thế giới Hồi giáo Ả Rập, từ nghi lễ tôn giáo, sáng tạo văn minh, kinh doanh thương mại, văn hoá chính trị cho đến phong tục tập quán của quốc gia Ả Rập 
650 |a Arabial history,Lịch sử Ả Rập 
980 |a Trung tâm Học liệu Trường Đại học Cần Thơ